LOCOMOTIVES (Record no. 2079)
[ view plain ]
| 000 -LEADER | |
|---|---|
| fixed length control field | 00389nam a22001457a 4500 |
| 082 ## - DEWEY DECIMAL CLASSIFICATION NUMBER | |
| Classification number | 001 |
| Item number | GAR/L |
| 100 ## - MAIN ENTRY--AUTHOR NAME | |
| Personal name | GARATT,COLIN |
| 100 ## - MAIN ENTRY--AUTHOR NAME | |
| Personal name | MATTHEWS, MAX WADE |
| 245 ## - TITLE STATEMENT | |
| Title | LOCOMOTIVES |
| 260 ## - PUBLICATION, DISTRIBUTION, ETC. (IMPRINT) | |
| Place of publication | LONDON |
| Name of publisher | HERMES HOUSE |
| 300 ## - PHYSICAL DESCRIPTION | |
| Number of Pages | 512 |
| 520 ## - SUMMARY, ETC. | |
| Summary, etc | A COMPLETE HISTORY OF THE WORLD'S GREAT LOCOMOTIVES AND FABULOUS TRAIN JAOURNEYS |
| 650 ## - SUBJECT ADDED ENTRY--TOPICAL TERM | |
| Topical Term | GENERAL KNOWLEDGE |
| Geographic subdivision | LONDON |
| 942 ## - ADDED ENTRY ELEMENTS (KOHA) | |
| Koha item type | Books |
| Withdrawn status | Lost status | Collection code | Home library | Current library | Shelving location | Date acquired | Source of acquisition | Full call number | Accession Number | Koha item type |
|---|---|---|---|---|---|---|---|---|---|---|
| Reference | Main Library | Main Library | SHELF 2-A SCIENCE IN OUR WORLD,FUNK7WAGNALLS ENCYCLO,,FIRST AID ,Y2K,MEDICAL | 02/04/2007 | PURCHASE | 001 GAR/L | 01900 | Books |